| 000 | 03236nam a22005297a 4500 | ||
|---|---|---|---|
| 001 | BRCA_9213 | ||
| 003 | FranzMayer | ||
| 005 | 20220809125934.0 | ||
| 008 | 220722b |||||||| |||| 00| 0 eng d | ||
| 022 | _a11321245 | ||
| 040 |
_bspa _cMFM |
||
| 041 | _aspa | ||
| 050 |
_aDP402.M2 _bP46 2019 |
||
| 210 | _aPéndulo Málaga | ||
| 222 | _aPéndulo (Málaga) | ||
| 245 | 0 | 0 |
_aPéndulo : _bRevista de Ingeniería y Humanidades |
| 260 |
_aMálaga, España : _bColegio Oficial de Ingenieros Técnicos Industriales de Málaga, _c2019 |
||
| 300 |
_a218 p. : _bil. fot. map. ; _c24 x 30 cm. |
||
| 310 | _aAnual | ||
| 362 | _a1991-2020 | ||
| 440 |
_v30 _x11321245 _aPéndulo _928481 |
||
| 500 | _aUbicación: L60-N1 | ||
| 500 | _aIncluye imagen de la Colección Museo Franz Mayer (pp. 128-129) | ||
| 500 | _aAlgunos números fueron publicados juntos, por ejemplo, 3/4 (Diciembre 1992/Marzo 1993).Ningún número publicado en 1998-1990 y 2005. | ||
| 505 | 2 |
_tCarta del Decano / _rJosé Zayas López |
|
| 505 | 2 | _tToma de posesión de la nueva Junta de Gobierno | |
| 505 | 2 |
_tOmnibus / _rManuel Olmedo Checa |
|
| 505 | 2 |
_tTolox. Un pueblo llamado de las flores, del agua, y corazón del futuro Parque Nacional de la Sierra de las Nieves / _rVirgilio Ruiz Gallardo |
|
| 505 | 2 |
_tEl aula Museo de Geología de Málaga. Una deuda histórica amortizada tras 144 años sin un museo de geología en la ciudad / _rJuan Carlos Romero Silva |
|
| 505 | 2 |
_tLa primera vuelta al mundo / _rMarcelino González Fernández |
|
| 505 | 2 |
_tEl patrimonio de la Cueva de Nerja. La gestión de investigación y conservación / _rLuis-Efrén Fernández Rodríguez, Yolanda del rosal Padial y Cristina Liñán Baena |
|
| 505 | 2 |
_tEl Conde de Aranda y su impronta en la Independencia de Estados Unidos / _rPedro José López Correas |
|
| 505 | 2 |
_tLíderes del renacimiento español: el Gran Capitán / _rGermán Segura García |
|
| 505 | 2 |
_tEl Gran Capitán y el origen de la bandera de Málaga / _rHugo Vázquez Bravo y Ramón Vega Piniella |
|
| 505 | 2 |
_tEl ferrocarril de la Costa del Sol. Muchas oportunidades perdidas / _rMiguel Rojo Moreno |
|
| 505 | 2 |
_tel Nacimiento de un barrio. La Malagueta: 1783/1834 / _rFrancisco Cabrera Pablos |
|
| 505 | 2 |
_tBernardo de Gálvez, un gobernante ilustrado y bondadoso / _rAlfonso Vázquez García |
|
| 505 | 2 |
_tLa alameda principal. Historia de un paseo ilustrado / _rMaría del Rosario Barrionuevo Serrano |
|
| 505 | 2 |
_tSan Juan de Ulúa, puente de unión entre España y México / _rAlfredo Hernández Murillo |
|
| 505 | 2 |
_tLa Colonización Fenicia en la Costa de Vélez-Málaga / _rEmilio Martín Córdoba |
|
| 505 | 2 |
_t¿Amigos o enemigos? Noticias de la interacción de Bernardo de Gálvez con algunos nativos de Luisiana en documentos del Archivo General de Indias / _rAntonio Sánchez de Mora |
|
| 505 | 2 |
_tLa Jornada del Brasil, 1625. Pérdida, sitio y recuperación de Salvador de Bahía / _rHugo A. Cañete |
|
| 505 | 2 |
_tDos apuntes complementarios a los acertados trabajos que sobre el Gran Capitán se publican en este número de Péndulo / _rManuel Olmedo Checa |
|
| 651 |
_aMálaga _vRevistas _xHistoria _928482 |
||
| 942 |
_2lcc _cH |
||
| 999 |
_c10832 _d10832 |
||